000
00282nam a22001337a 4500
008
181107b xxu||||| |||| 00| 0 eng d
020
_a
9780716720317
041
_a
eng
080
_a
510
100
_a
36
101
_a
MAT
245
_a
Linear Algebra
_c
Jacob, B
942
_2
udc
_c
BK
999
_c
52221
_d
52221